चाँद पर खरगोश / (Record no. 62852)

MARC details
000 -LEADER
fixed length control field 00936nam a22001697a 4500
005 - DATE AND TIME OF LATEST TRANSACTION
control field 20120215124057.0
020 ## - INTERNATIONAL STANDARD BOOK NUMBER
International Standard Book Number 9788181468826
Terms of availability 85.00
082 ## - DEWEY DECIMAL CLASSIFICATION NUMBER
Classification number
245 ## - TITLE STATEMENT
Title चाँद पर खरगोश /
Statement of responsibility, etc हर्षा नागराजु द्वारा अनुदित;विधु पुरकायस्था द्वारा अनुदित
260 ## - PUBLICATION, DISTRIBUTION, ETC. (IMPRINT)
Place of publication, distribution, etc चैन्नई
Name of publisher, distributor, etc तूलिका पब्लिशिंग
Date of publication, distribution, etc 2010
270 ## - ADDRESS
Address 13, पृथ्वी ऐवन्यु,अभिरमपुरम
City चैन्नई
Postal code 600018
300 ## - PHYSICAL DESCRIPTION
Extent अ.पृ
Other physical details सचित्र
Dimensions 20सेमी (अजिल्द)
700 ## - ADDED ENTRY--PERSONAL NAME
Personal name हर्षा नागराजु
9 (RLIN) 42026
700 ## - ADDED ENTRY--PERSONAL NAME
Personal name विधु पुरकायस्था
9 (RLIN) 42095
942 ## - ADDED ENTRY ELEMENTS (KOHA)
Source of classification or shelving scheme Dewey Decimal Classification
Item type Children Books
Classification part
Call number suffix चाँदप
Holdings
Withdrawn status Lost status Not for loan Home library Current library Date acquired Cost, normal purchase price Full call number Cost, replacement price Koha item type
    Ordered Andrews Gunj Andrews Gunj 15/02/2012 85.00 क चाँदप 85.00 Children Books

© Delhi Public Library
Hit Counter
free hit counter